NHL Maurice "Rocket" Richard Trophy Winners - Statistics

General Stats
  • This quiz has been taken 2,514 times
    870 since last reset
  • The average score is 53 of 120
Answer Stats
Season Answer % Correct
2014-15 | 2017-18 | 2018-19 | +2 others Alexander Ovechkin
98%
2022-23 Connor McDavid
95%
2007-08 | 2008-09 | 2012-13 | 2013-14 Alexander Ovechkin
94%
1981-82 | 1982-83 | 1983-84 | +2 others Wayne Gretzky
94%
2020-21 | 2021-22 | 2023-24 Auston Matthews
93%
2009-10 Tie) | 2016-17 Sidney Crosby
88%
1987-88 | 1988-89 | 1995-96 Mario Lemieux
79%
1944-45 | 1946-47 | 1949-50 | +2 others Maurice Richard
77%
2009-10 (Tie) | 2011-12 Steven Stamkos
72%
1959-60 (Tie) | 1961-62 | 1963-64 | +4 others Bobby Hull
70%
1989-90 | 1990-91 | 1991-92 Brett Hull
70%
1950-51 | 1951-52 | 1952-53 | +2 others Gordie Howe
67%
1992-93 (Tie) Teemu Selanee
61%
1997-98 (Tie) | 1998-99 Teemu Selanne
61%
1977-78 Guy Lafleur
60%
1980-81 Mike Bossy
58%
1978-79 Mike Bossy
57%
1969-70 | 1970-71 | 1971-72 | +3 others Phil Esposito
56%
2001-02 | 2003-04 (Tie) Jarome Iginla
51%
1985-86 Jari Kurri
50%
2010-11 Corey Perry
48%
1993-94 | 1999-00 | 2000-01 Pavel Bure
43%
2019-20 (Tie) David Pastrnak
40%
2003-04 (Tie) Ilya Kovalchuk
35%
1955-56 | 1958-59 Jean Béliveau
33%
1992-93 (Tie) Alexander Mogilny
31%
2005-06 Jonathan Cheechoo
31%
2003-04 (Tie) Rick Nash
31%
2006-07 Vincent Lecavalier
30%
1957-58 Dickie Moore
25%
1927-28 Howie Morenz
21%
1954-55 (Tie) | 1960-61 Bernie Geoffrion
17%
2002-03 Milan Hejduk
17%
1947-48 Ted Lindsay
17%
1975-76 Reggie Leach
15%
1996-97 Keith Tkachuk
14%
1976-77 Steve Shutt
14%
1917-18 | 1919-20 Joe Malone
13%
1994-95 | 1997-98 (Tie) Peter Bondra
13%
1948-49 Sid Abel
9%
1930-31 | 1931-32 | 1933-34 | +2 others Charlie Conacher
8%
1938-39 Roy Conacher
8%
1942-43 | 1943-44 Doug Bentley
6%
1931-32 | 1932-33 Bill Cook
5%
1979-80 (Tie) Charlie Simmer
5%
1923-24 Cy Denneny
5%
1918-19 Newsy Lalonde
5%
1945-46 Gaye Stewart
4%
1925-26 | 1936-37 Nels Stewart
4%
1964-65 Norm Ullman
4%
1928-29 Ace Bailey
3%
1920-21 | 1922-23 | 1924-25 Babe Dye
3%
1926-27 Bill Cook
3%
1979-80 (Tie) Blaine Stoughton
3%
1979-80 (Tie) Danny Gare
3%
1941-42 Lynn Patrick
3%
1959-60 (Tie) Bronco Horvath
2%
1939-40 | 1940-41 Bryan Hextall
2%
1929-30 Cooney Weiland
2%
1937-38 Gordie Drillon
2%
1921-22 Punch Broadbent
2%
1935-36 Bill Thoms
1%
1936-37 Larry Aurie
1%
1918-19 Odie Cleghorn
1%
No matching quizzes found
Score Distribution
Percent of People with Each Score
Percentile by Number Answered
Your Score History
You have not taken this quiz since the last reset